000 00613nam a22001817a 4500
005 20260105115610.0
008 260105b |||||||| |||| 00| 0 eng d
037 _cTB
040 _aAL
_cAL
084 _qAL
100 _aरांग्रा, रणवीर
_9861760
245 _aहमारे पथ प्रदर्शक
260 _aनई दिल्ली, भारत:
_bआर्य प्रकाशन मंडल ,
_c1991.
300 _a208 प.
365 _b80.00
_cINR
942 _2CC
_cTB
_n0
999 _c1466862
_d1466862